Organizational leadership : (Record no. 9488)

MARC details
000 -LEADER
fixed length control field 01523nam a22001937a 4500
003 - CONTROL NUMBER IDENTIFIER
control field GBCCL
005 - DATE AND TIME OF LATEST TRANSACTION
control field 20241126110713.0
008 - FIXED-LENGTH DATA ELEMENTS--GENERAL INFORMATION
fixed length control field 230201b ||||| |||| 00| 0 eng d
020 ## - INTERNATIONAL STANDARD BOOK NUMBER
International Standard Book Number 9788194070603
040 ## - CATALOGING SOURCE
Transcribing agency gbc
082 ## - DEWEY DECIMAL CLASSIFICATION NUMBER
Classification number 262.1
Item number ORG
245 ## - TITLE STATEMENT
Title Organizational leadership :
Remainder of title foundations and practices for Christians /
Statement of responsibility, etc. Jack Burns (Editor), John R. Shoup (Editor), Donald C. Simmons (Editor)
260 ## - PUBLICATION, DISTRIBUTION, ETC.
Place of publication, distribution, etc. Secunderabad :
Name of publisher, distributor, etc. Good shepherds,
Date of publication, distribution, etc. 2019
300 ## - PHYSICAL DESCRIPTION
Extent 286p. ;
505 ## - FORMATTED CONTENTS NOTE
Formatted contents note Section 1: Theological foundations for Christian leadership<br/>Called to lead: how do I know? / Timothy G. Dolan<br/>Leadership in the context of the Christian worldview / Gayne J. Anacker and John R. Shoup<br/>Toward a biblical theology of leadership / Rick Langer<br/>Section 2: Theoretical foundations for Christian leadership<br/>The leadership river: a metaphor for understanding the historic emergence of leadership theory / John S. (Jack) Burns<br/>Christian leadership on the sea of comlexity / John S. (Jack) Burns<br/>Section 3: Key skills and practices in Christian leadership<br/>Communication in the image of God / Ronald K. Pyle<br/>Conflict and negotiation / John S. (Jack) Burns<br/>Decision making: becoming an expert of the process / John R. Shoup and Chris McHorney<br/>Christian leadership and financial integrity: temptation, transformation and transparency / R. Scott Rodin<br/>Sustaining the leader / Timothy G. Dolan
650 ## - SUBJECT ADDED ENTRY--TOPICAL TERM
Topical term or geographic name entry element Christian leadership
9 (RLIN) 1568
650 ## - SUBJECT ADDED ENTRY--TOPICAL TERM
Topical term or geographic name entry element Leadership
Form subdivision Religious aspects
General subdivision Christianity
9 (RLIN) 14743
942 ## - ADDED ENTRY ELEMENTS (KOHA)
Source of classification or shelving scheme Dewey Decimal Classification
Koha item type Books
Koha issues (borrowed), all copies 1
Holdings
Withdrawn status Lost status Source of classification or shelving scheme Damaged status Not for loan Home library Current Library Shelving location Date acquired Total checkouts Full call number Barcode Date last seen Date last checked out Copy number Price effective from Koha item type
    Dewey Decimal Classification     GRACE BIBLE COLLEGE GRACE BIBLE COLLEGE Ministry & Mission 2023-02-01 2 262.1 ORG 015963 2025-05-01 2025-01-24 c.1 2023-02-01 Books
© Grace Bible College Library 2025